A "magyar betegség" nem létezik Gyömbér Noémi sportszakpszichológus nem szeret rivaldafényben lenni, az a célja, hogy hozzájáruljon a sikerhez

Bibliographic Details
Main Authors: Bőd, Titanilla, 1983- (Author, Interviewer), Gyömbér, Noémi, 1984- (Author)
Format: Article
Language:Hungarian
PhysicalDescription:Fotogr.
ISSN:1335-7050
Subjects:

MARC

LEADER 00000nab a2200000 ar4500
001 vtls010271230
003 SK-MaSNL
005 20260318122321.0
008 110414c20110409xo |||||||| 000 b|hun
015 |a SNBRB2011/04  |2 snkbucl 
038 |a SNKBUCL 
040 |a DSZK  |b slo  |c DSZK  |e AACR2 
041 0 |a hun 
044 |a xo  |c SK 
080 |a 796  |2 2001 
080 |a 159.9  |2 2001 
100 1 |a Bőd, Titanilla,  |d 1983-  |4 ivr  |4 aut  |9 118485 
245 1 0 |a A "magyar betegség" nem létezik  |b Gyömbér Noémi sportszakpszichológus nem szeret rivaldafényben lenni, az a célja, hogy hozzájáruljon a sikerhez  |c [beszélgetett] Bőd Titanilla 
300 |b Fotogr. 
600 1 7 |a Gyömbér, Noémi,  |d 1984-  |2 snkbucl  |9 1570745 
650 0 7 |a šport  |2 SNKPH  |9 1042 
650 0 7 |a psychológia športu  |2 SNKPH  |9 1048 
655 7 |a rozhovory  |2 SNKPH  |9 31831 
700 1 |a Gyömbér, Noémi,  |d 1984-  |4 ive  |4 aut  |9 1570745 
773 0 |t Új szó  |g Évf. 64, sz. 83 (9.4.2011), o. 24  |x 1335-7050 
852 |a SNK  |b KIS3GCP 
852 |a DSZK  |b KIS3GCP 
958 |a HU 
999 |c 3203084  |d 3205014